LEADER 01132nam2-2200385---450- 001 990001876340203316 005 20060112174947.0 010 $a88-8440-098-8 035 $a000187634 035 $aUSA01000187634 035 $a(ALEPH)000187634USA01 035 $a000187634 100 $a20040726d2002----km-y0itay0103----ba 101 0 $aita 102 $aIT 105 $aa|||||||001yy 200 1 $a<<2.>> : Analisi anatomica dei movimenti$fFlavia Pappacena 210 $aRoma$cGremese$d2002 215 $a238 p.$cill.$d20 cm 225 2 $aPiccola biblioteca delle arti 410 0$12001$aPiccola biblioteca delle arti 454 1$12001 461 1$1001000187630$12001$aTeoria della danza classica 606 0 $aDanza 676 $a792.8 700 1$aPAPPACENA,$bFlavia$0564778 801 0$aIT$bsalbc$gISBD 912 $a990001876340203316 951 $aXIII.4. 17/2(VII E 737)$b172751 L.M.$cVII E$d00092221 959 $aBK 969 $aUMA 979 $aPECORARO$b90$c20040726$lUSA01$h1601 979 $aCOPAT6$b90$c20060112$lUSA01$h1749 996 $aAnalisi anatomica dei movimenti$9955163 997 $aUNISA LEADER 02034nam0 22004933i 450 001 VAN0268005 005 20240119024104.938 017 70$2N$a9781461298601 100 $a20231128d1976 |0itac50 ba 101 $aeng 102 $aUS 105 $a|||| ||||| 200 1 $aAlgebraic Theories$fErnest G. Manes 210 $aNew York$cSpringer$d1976 215 $ax, 356 p.$d24 cm 410 1$1001VAN0023579$12001 $aGraduate texts in mathematics$1210 $aNew York [etc.]$cSpringer$v26 606 $a18-XX$xCategory theory; homological algebra [MSC 2020]$3VANC019745$2MF 606 $a08Axx$xAlgebraic structures [MSC 2020]$3VANC022419$2MF 606 $a18C15$xMonads (= standard construction, triple or triad), algebras for monads, homology and derived functors for monads [MSC 2020]$3VANC024567$2MF 606 $a18C10$xTheories (e.g., algebraic theories), structure, and semantics [MSC 2020]$3VANC037151$2MF 610 $aAlgebra$9KW:K 610 $aArea$9KW:K 610 $aAutomata$9KW:K 610 $aAutomata theory$9KW:K 610 $aCategory Theory$9KW:K 610 $aColimit$9KW:K 610 $aEquations$9KW:K 610 $aGroups$9KW:K 610 $aInteractions$9KW:K 610 $aMathematics$9KW:K 610 $aNatural$9KW:K 610 $aOptical Character Recognition$9KW:K 610 $aScope$9KW:K 620 $aUS$dNew York$3VANL000011 700 1$aManes$bErnest G.$3VANV220251$048551 712 $aSpringer $3VANV108073$4650 801 $aIT$bSOL$c20240614$gRICA 856 4 $uhttps://doi.org/10.1007/978-1-4612-9860-1$zE-book ? Accesso al full-text attraverso riconoscimento IP di Ateneo, proxy e/o Shibboleth 899 $aBIBLIOTECA DEL DIPARTIMENTO DI MATEMATICA E FISICA$1IT-CE0120$2VAN08 912 $fN 912 $aVAN0268005 950 $aBIBLIOTECA DEL DIPARTIMENTO DI MATEMATICA E FISICA$d08CONS e-book 7344 $e08eMF7344 20231204 996 $aAlgebraic theories$9342167 997 $aUNICAMPANIA